Do you feel lucky? / (Record no. 1926)

MARC details
000 -LEADER
fixed length control field 01832cam a22004337a 4500
001 - CONTROL NUMBER
control field 1926
003 - CONTROL NUMBER IDENTIFIER
control field FISKH
005 - DATE AND TIME OF LATEST TRANSACTION
control field 20250829145317.0
008 - FIXED-LENGTH DATA ELEMENTS--GENERAL INFORMATION
fixed length control field 160205s2010 enk 000 1 eng
010 ## - LIBRARY OF CONGRESS CONTROL NUMBER
LC control number 2015458863
015 ## - NATIONAL BIBLIOGRAPHY NUMBER
National bibliography number GBA992684
Source bnb
016 7# - NATIONAL BIBLIOGRAPHIC AGENCY CONTROL NUMBER
Record control number 015376257
Source Uk
020 ## - INTERNATIONAL STANDARD BOOK NUMBER
International Standard Book Number 9781407107127
020 ## - INTERNATIONAL STANDARD BOOK NUMBER
International Standard Book Number 1407107127
035 ## - SYSTEM CONTROL NUMBER
System control number (OCoLC)ocn861816513
040 ## - CATALOGING SOURCE
Original cataloging agency Nz
Language of cataloging eng
Transcribing agency NSELP
Modifying agency UKM
-- YDXCP
-- SINLB
-- OCLCF
-- DLC
042 ## - AUTHENTICATION CODE
Authentication code lccopycat
050 00 - LIBRARY OF CONGRESS CALL NUMBER
Classification number QA273.16
Item number .P67 2010
082 ## - DEWEY DECIMAL CLASSIFICATION NUMBER
Classification number 510
100 1# - MAIN ENTRY--PERSONAL NAME
Personal name Poskitt, Kjartan
245 10 - TITLE STATEMENT
Title Do you feel lucky? /
Statement of responsibility, etc. Kjartan Poskitt, illustrated by Philip Reeve.
260 ## - PUBLICATION, DISTRIBUTION, ETC.
Place of publication, distribution, etc. London :
Name of publisher, distributor, etc. Scholastic,
Date of publication, distribution, etc. 2010.
300 ## - PHYSICAL DESCRIPTION
Extent 176 pages :
Other physical details illustrations ;
Dimensions 20 cm.
500 ## - GENERAL NOTE
General note From cover: It's maths with the laughs added in! A humorous look at how maths can predict the likelihood of something happening.
505 ## - FORMATTED CONTENTS NOTE
Formatted contents note Z'<br/>
520 ## - SUMMARY, ETC.
Summary, etc. Using a host of hilarious characters, Kjartan Poskitt presents all the tricks, tips and shortcuts to probability they don't teach at school. Readers will learn why coins have no memory, and whether Urgum the Axeman is likely to lose his head and join Riverboat Lil and Brett Shuffler in a mathematical tangle with swamp snake.
521 8# - TARGET AUDIENCE NOTE
Target audience note 1000<br/>
Source Lexile<br/>
521 8# - TARGET AUDIENCE NOTE
Target audience note Z'<br/>
Source Raz-Plus<br/>
650 #0 - SUBJECT ADDED ENTRY--TOPICAL TERM
Topical term or geographic name entry element Probabilities
Form subdivision Juvenile literature.
650 #4 - SUBJECT ADDED ENTRY--TOPICAL TERM
Topical term or geographic name entry element Mathematical recreations-- Children's non-fiction
650 #4 - SUBJECT ADDED ENTRY--TOPICAL TERM
Topical term or geographic name entry element Mathematical statistics Children's non-fiction
650 #4 - SUBJECT ADDED ENTRY--TOPICAL TERM
Topical term or geographic name entry element Probabilities Children's humour
650 #7 - SUBJECT ADDED ENTRY--TOPICAL TERM
Topical term or geographic name entry element Probabilities.
Source of heading or term fast
Authority record control number or standard number (OCoLC)fst01077737
655 #7 - INDEX TERM--GENRE/FORM
Genre/form data or focus term Juvenile works.
Source of term fast
Authority record control number or standard number (OCoLC)fst01411637
700 1# - ADDED ENTRY--PERSONAL NAME
Personal name Reeve, Philip \
Relator term illustrator.
906 ## - LOCAL DATA ELEMENT F, LDF (RLIN)
a 7
b cbc
c copycat
d 2
e ncip
f 20
g y-gencatlg
942 ## - ADDED ENTRY ELEMENTS (KOHA)
Source of classification or shelving scheme Dewey Decimal Classification
Koha item type Books
Suppress in OPAC No
Holdings
Withdrawn status Lost status Source of classification or shelving scheme Damaged status Not for loan Collection Home library Current library Shelving location Date acquired Total Checkouts Full call number Barcode Date last seen Price effective from Koha item type Copy number
    Dewey Decimal Classification     Non-Fiction Footprints International School Library Network Toul Kork Campus Footprints International School Library Network Toul Kork Campus A TK Campus, 4th Floor, Room B401, Non-Fiction Bookcases(7-8) 10/18/2023   POS 510 QA273.P67 FISTK03921 10/18/2023 10/18/2023 Books  
    Dewey Decimal Classification     Non-Fiction Footprints International School Library Network Toul Tom Poung Campus Footprints International School Library Network Toul Tom Poung Campus TTP Secondary Non-Fiction Bookshelves 08/29/2025   POS 510 QA273.P67 FISSE02375 08/29/2025 08/29/2025 Books 2